000 00511nam a22001697a 4500
005 20260305132839.0
008 260305b |||||||| |||| 00| 0 eng d
020 _a9780323624718 (hbk)
040 _cPK-LaUMT
082 _a616.106
_bFRO-C
100 _aFrownfelter, Donna
_99654
245 _aCardiovascular and pulmonary physical therapy :
_bevidence to practice /
_cby Donna Frownfelter and Elizabeth Dean
250 _a6th ed.
260 _aMissouri :
_bElsevier,
_c2023
300 _a828 p.
942 _cBK
999 _c140022
_d140022